Songs titles that share a word - Statistics

General Stats
  • This quiz has been taken 23 times
  • The average score is 9 of 15
Answer Stats
Answer % Correct
____ in the Dark / ____ Queen / ____ in the Moonlight Dancing
96%
____Riddance (Time of Your Life) / ____ Times Bad Times / ____ Grief Good
96%
____s Like You / Galway ____ / (One of Those) Crazy ____ Girl
87%
____ Me Softly With His Song, ____ in the Name / ____ Strangers Killing
87%
____ Let it Break Your Heart / ____ Cry / ____ Lose Your Head Don't
83%
____ Deeds, Done Dirt Cheap / ____ Harry / ____Paws Dirty
74%
____ Girl / ____s in the Stream / _____ In The Sun Island
74%
____ Time / Scenes ____ an Italian Restaurant / ____ Now On From
65%
____ Supernova / _____ For My Real Friends, Real Pain For My Sham Friends / ____ ROSE Champagne
48%
It's a Long Way to the Top (If You Wanna ____ ____ ____), ____ ____ ____ Madonna / ____ ____ ____ All Nite Rock and Roll
43%
The ____ of Michael Valantine / The ____ of Mona Lisa / ____ of the Beaconsfield Miners Ballad
35%
____ Rose / ____man in New York / ____ Love Affair English
35%
____flies / ____ Coming out of the Monkey's Head / ____ and the Flood Fire
26%
____ Dog / ____ Shuck / The ____ Market Black
17%
____er / ____ment / Let me ____ You Entertain
17%
No matching quizzes found
Score Distribution
Percent of People with Each Score
Percentile by Number Answered
Your Score History
You have not taken this quiz